Introduction Financial Accounting. (Record no. 1653)

MARC details
005 - DATE AND TIME OF LATEST TRANSACTION
control field 20250425115652.0
020 ## - INTERNATIONAL STANDARD BOOK NUMBER
International Standard Book Number 9976 60 173 5
082 ## - DEWEY DECIMAL CLASSIFICATION NUMBER
Classification number 657.48 BAU
100 ## - MAIN ENTRY--PERSONAL NAME
Author name BAUTISTA, I. V.
245 ## - TITLE STATEMENT
Title Introduction Financial Accounting.
260 ## - PUBLICATION, DISTRIBUTION, ETC.
Place of publication, distribution, etc. Tanzania,
Name of publisher, distributor, etc. Dar Es Salaam University Press,
Date of publication, distribution, etc. 1994.
300 ## - PHYSICAL DESCRIPTION
Extent Xii, 445p.: ill.;
Other physical details Index
Dimensions 29 cm.
700 ## - ADDED ENTRY--PERSONAL NAME
Other authors/Editors ASSAD, M. J.
942 ## - ADDED ENTRY ELEMENTS (KOHA)
Source of classification or shelving scheme Dewey Decimal Classification
Koha item type Books
Holdings
Date last seen Total checkouts Full call number Barcode Cost, replacement price Price effective from Koha item type Lost status Source of classification or shelving scheme Damaged status Not for loan Withdrawn status Home library Current library Shelving location Date acquired Cost, normal purchase price
04/25/2025   657.48 0000006208 75000.00 04/25/2025 Books   Dewey Decimal Classification       College of Business Education Main Library College of Business Education Main Library General Collection 04/25/2025 25000.00